Estadísticas para Países más Visitados por Estadounidenses

Haz click aquí para intentar la prueba.

Estadísticas generales

  • Esta prueba ha sido intentada 4.092 veces
  • La puntuación promedio es 15 de 21

Estadísticas de respuestas

MilesPaís% Correcto
28,733México
99%
1,312España
98%
2,361Francia
98%
12,475Canadá
97%
2,885Reino Unido
96%
1,771Alemania
94%
1,770China
94%
2,033Italia
94%
885Japón
94%
1,082India
75%
787Irlanda
72%
689Colombia
71%
1,509Países Bajos
65%
557Suiza
63%
1,115Bahamas
61%
2,787República Dominicana
57%
1,508Jamaica
50%
984Costa Rica
44%
820Filipinas
40%
557Israel
31%
557Taiwán
25%

Distribución de puntuación

Porcentaje por número respondido

Porcentaje de gente con cada puntuación

Historial de tus puntuaciones

No has intentado esta prueba.